000 01054aab a2200193 i 4500
001 768714001
003 CO-MdFUSB
005 20240422114026.0
008 240404t1990 ag ||||| |||| 00| 0 spa d
040 _bspa
_cCO-MdFUSB
041 _aspa
100 1 _aPadilla, C. René
_eautor
245 1 0 _aMisión integral y predicación
_c/ C. René Padilla
300 _aVolumen 9 número 2 (junio, 1990) páginas: 4 - 5
_c; 27 cm
520 _aEsta columna enfatiza que la misión de la iglesia no puede limitarse a predicar las verdades básicas del evangelio. Y siguiendo el propósito de Dios, que se realizará en el futuro, es reunir todas las cosas en la tierra bajo el mando de Cristo. Por lo tanto, debe cumplir su objetivo cuando se pone al servicio de la tarea central, es decir, ser portador del evangelio del reino de Dios; y hacer eco de Aquel que dice: "Yo hago nuevas todas las cosas".
650 0 _aPredicación
_954
773 0 _tIglesia y Misión
_049402
_959664
_gVolumen 9 número 2 (junio, 1990) páginas: 4 - 5
_qpágina: 4
942 _cANA
999 _c51882
_d51882